00386nam a2200133 a 4500008004100000020001500041050001400056100002000070245003300090246005500123260004500178300002000223350000900243120416s1972 ||||||||||||||||| || u a0195016173 aDT 31 Gib aGibson, Richard10aAfrican liberation movements acontemporary struggles against white minority rule aLondonbCambridge University Pressc1972 ax, 350p. : ill. a0.00